[Event "Kiev Spring op"]
[Site "Kiev"]
[Date "2021.07.12"]
[Round "4"]
[White "Yurovskich, Oleksandr"]
[Black "Baglay, Kseniya"]
[Result "1-0"]
[WhiteElo "2242"]
[BlackElo "1818"]
[PlyCount "101"]
[EventDate "2021.07.10"]
[EventType "swiss"]
[EventRounds "9"]
[EventCountry "UKR"]
[SourceTitle "EXT 2024"]
[Source "ChessBase"]
[SourceDate "2023.10.10"]
[SourceVersion "1"]
[SourceVersionDate "2023.10.10"]
[SourceQuality "1"]

1. d4 Nf6 2. Nf3 d5 3. c3 c6 4. Bg5 h6 5. Bxf6 exf6 6. e3 Bf5 7. Bd3 Be4 8. Bxe4 dxe4 9. Nfd2 f5 10. g4 g6 11. gxf5 gxf5 12. Nf1 Bd6 13. Ng3 Qg5 14. Qb3 b6 15. Nd2 Nd7 16. Qa4 Bxg3 17. hxg3 Qg6 18. 0-0-0 a5 19. f3 b5 20. Qc2 Nf6 21. g4 fxg4 22. fxe4 h5 23. Rdf1 g3 24. Rfg1 h4 25. e5 g2 26. Rh2 Qxc2+ 27. Kxc2 Ng4 28. Rh3 Nf2 29. Rf3 h3 30. Rxf2 h2 31. Rfxg2 hxg1Q 32. Rxg1 Ke7 33. a4 Rh2 34. Kd3 Ke6 35. b3 Rah8 36. Rf1 R8h6 37. axb5 cxb5 38. Ra1 Rh1 39. Rxa5 R6h2 40. Nf3 Rb2 41. Rxb5 Kf5 42. Rb7 Rd1+ 43. Kc4 Ke4 44. Ng5+ Kxe3 45. Nxf7 Rc2 46. Kb4 Kd3 47. Rc7 Rdc1 48. e6 Rxc3 49. Rxc3+ Rxc3 50. e7 Rc8 51. Nd6 1-0